000 02307nam1a22003131i 4500
001 v19\rc\1427617
005 20260407080512.0
035 _a(NLR Aleph) 004675566
090 _a3736588
_c3736588
100 _a20060620g18581916k||b0rusy50 ca
101 0 _arus
102 _aRU
105 _ag |||||
200 1 _aПамятная книжка Саратовской губернии...
_f[Саратовский губернский статистический комитет]
210 _aСаратов
_cтипография губернского правления
_d1858-1916
215 _d17-25, 23х30
300 _aЗаглавие календаря на 1884, 1888, 1891, 1893, 1895, 1903: Адрес-календарь Саратовской губернии
306 _aВ примечании к перечню изданий губ. стат. комитета [Статистический сборник Саратовской губернии, с отчетом губернского статистического комитета, за 1889 год. - Саратов, 1890. - С. 37] сообщается, что "комитетом изданы "Памятные книжки" на 1858, 1859, 1860 и 1864 гг."
_aКалендари на 1861-1863, 1865, 1873-1879, 1885-1887, 1892, 1894, 1896-1897, 1899, 1905, 1908-1909, 1911, 1913, 1915 гг. не издавались
_aОб издании календарей на 1866, 1870-1871, 1917 гг. нет сведений
_aФакт издания календарей на 1867-1869, 1881-1883, 1901, 1906 гг. не установлен
517 1 _aАдрес-календарь Саратовской губернии
606 1 _aДолжностные лица
_xСписки
_yСаратовская губерния
_92505255
_3RU\NLR\AUTH\661485576
607 _aСаратовская губерния
_91569766
_3RU\NLR\AUTH\66987350
686 0 _aТ3(2Р-4С)52я2
_vLBC/SL
_2rubbk
686 0 _aХ819(2)012я2
_vLBC/SL
_2rubbk
712 0 2 _4650
_aСаратовский губернский статистический комитет
_3RU\NLR\AUTH\8810040873
_9580944
801 0 _aRU
_bNLR
_gpsbo
801 1 _aRU
_bProSoft-M
_2rusmarc
801 2 _aRU
_bNLR
_c20161117
_2rusmarc
852 _aNLR
_jС595Сар/П15
942 _cBOOK